=LDR 00000nam 2200000 4500 =001 NUTBA000000000005766 =005 20141110082145.0 =006 =007 =008 =020 ##$$a 978-602-8148-35-1 =035 ##$$a 0010-111400000000245 =040 ##$$a NBPDMAT =082 ##$$a 593.6 =090 ##$$a 593.6 $b Gha b =100 ##$$a Ghaida Sharliz =245 ##$$a Beraneka ragam hewan berongga dan hewan berkulit duri / $c Ghaida Sharliz ; editor, Juwariyah =260 ##$$a Bandung : Sandiarta Sukses, $c 2011 =300 ##$$a iv, 52 hlm. : $b ilus. ; $c 24 cm. =500 ##$$a Bibliografi : hlm. 50 , Indeks : hlm. 52 =650 ##$$a Hewan Berongga ( Anthozoa ) =700 ##$$a Juwariyah =850 ##$$a NBPDMAT